Vincitori Trofeo Zarra - Statistics

Statistiche generali
  • Questo quiz è stato fatto 4 volte
  • Il punteggio medio è 14 su 19
Statistiche sulle risposte
Stagione Reti Squadra Calciatore % Corretto
2014-2015 18 Athletic Bilbao Aritz Aduriz
100%
2015-2016 20 Athletic Bilbao Aritz Aduriz
100%
2019-2020 18 Villarreal Gerard Moreno
100%
2020-2021 23 Villarreal Gerard Moreno
100%
2016-2017 19 Celta Vigo Iago Aspas
100%
2017-2018 22 Celta Vigo Iago Aspas
100%
2018-2019 20 Celta Vigo Iago Aspas
100%
2021-2022 18 Celta Vigo Iago Aspas
100%
2005-2006 25 Valencia David Villa
75%
2006-2007 16 Valencia David Villa
75%
2008-2009 28 Valencia David Villa
75%
2009-2010 21 Valencia David Villa
75%
2010-2011 20 Siviglia Álvaro Negredo
50%
2012-2013 25 Siviglia Álvaro Negredo
50%
2007-2008 27 Maiorca Daniel Güiza
50%
2013-2014 27 Atlético Madrid Diego Costa
50%
2022-2023 16 Espanyol Joselu
50%
2011-2012 17 Valencia Roberto Soldado
50%
2011-2012 17 Athletic Bilbao Fernando Llorente
25%
Nessun quiz corrispondente trovato
Distribuzione punteggi
Percentuale di utenti per punteggio
Percentile per numero di risposta
I tuoi punteggi nel tempo
Non hai fatto questo quiz